| 000 | 00644nam a2200205 u 4500 | ||
|---|---|---|---|
| 005 | 20241031063733.0 | ||
| 008 | 120323s2009 ag r 000 0 spa d | ||
| 020 | _a9789505070763 | ||
| 035 | _aUPN01000183873 | ||
| 049 | _aCG | ||
| 050 | 4 |
_aLB3013.3 _bC3.2 |
|
| 100 | 1 |
_aCastro Santander, Alejandro, _d1954- _933555 |
|
| 245 | 1 | 3 |
_aUn corazón descuidado : _bsociedad, familia y violencia en la escuela / _cAlejandro Castro Santander. |
| 260 |
_aBuenos Aires : _bBonum, _c2009. |
||
| 300 |
_a250 p. : _bil., cuadros |
||
| 650 | 4 |
_aViolencia escolar _96675 |
|
| 650 | 2 |
_aRelación familia-escuela _93840 |
|
| 905 | _aLibro | ||
| 999 |
_c155976 _d155976 |
||